000 00330nam a22001457a 4500
999 _c167387
_d167387
082 _a
_b
100 _aManfred B Steger
245 _aGlobalisation:
_ba very short introduction/
_cby Manfred B Steger.
250 _a
260 _aNew Delhi:
_bOxford,
_c2003.
300 _a147p.
600 _a
650 _a
942 _cBK